000 02193cam a2200445 i 4500
001 22419448
003 CSPC
005 20260421140102.0
008 220211s20212021ph b 000 0 eng
010 _a 2022347519
020 _a9789712737008
035 _a22419448
040 _aDLC
_beng
_cDLC
_erda
_dDLC
_dCSPC
042 _alcode
_apcc
050 0 0 _aHF5001
_b.C88 2021
082 0 0 _a650
_bC889k
100 1 _aCruz, Elfren Sicangco,
_eauthor.
245 1 2 _aA kind (of) business :
_b50 essays on business leadership and society /
_cElfren S. Cruz and Benito L. Teehankee.
246 3 _aKind business
246 3 0 _a50 essays on business leadership and society
264 1 _aMandaluyong City :
_bAnvil Publishing, Inc.,
_c2021.
300 _axvi, 174 pages ;
_c23 cm.
336 _atext
_2rdacontent
337 _aunmediated
_2rdamedia
338 _avolume
_2rdacarrier
504 _aIncludes bibliographical references.
505 0 _aMind shapers -- Environment -- Technology and social inequity -- The corporate world -- The future .
520 _a"Now more than ever, when there is a general dissatisfaction with the economic status quo, when business are being exposed and boycotted for unethical practices, more and more are seeking to make a change. A kind (of) business is a compendium of essays that addresses issues such as business ethics, income inequality, and corporate responsibility that, for a business leader, can pave the way towards a more inclusive, responsible, and sustainable way of doing business"-- Back cover.
546 _aIn English.
650 0 _aBusiness.
650 0 _aBusiness ethics.
650 0 _aLeadership.
650 0 _aSocial responsibility of business.
650 4 _aPhilippine essays (English)
700 1 _aTeehankee, Benito L.,
_eauthor.
906 _a7
_bcbc
_corigode
_d3
_encip
_f20
_gy-gencatlg
942 _2ddc
_cBK
_h650
_iC889k
_kFIL
_m2021
_n0
999 _c32339
_d32339